000 00634nam a2200253Ia 4500
003 OSt
005 20221005124455.0
006 a|||||r|||| 00| 0
007 ta
008 221004b |||||||| |||| 00| 0 tam d
020 _c5.00
024 _a47214
037 _cTextual
040 _aCRL
_cCRL
_btam
041 _2tam
_atam
082 _aNR213,92;32wM95, 31K2
100 _aEllarvi Pseud Au.
_9635298
245 0 _aMysore chowdaiyah
260 _c1962
300 _a194p.
_ccm.
650 _aARTS
942 _hNR213,92;32wM95, 31K2
_cTEXL
_2cc
999 _c1050592
_d1050592